00736nam a2200229Ia 450000500170000000800410001702000180005804000700007604100080014606000110015410000260016524500680019126000490025930000390030865000300034765000260037765000180040365000290042165000260045065000150047665000150049120211110133223.0130821s2012 ag a gr spa  a9788498353433 aCo-BoUCMbspacSaul Niño (Modificó)dSaul Niño (Modificó)00aspa aWJ 7001 aCruz Navarro, Natalio10aTratado de Andrología y medicina sexualcNatalio Cruz Navarro aBuenos Aires (Argentina)bPanamericanac2012 axxx, 1098 páginasbilustraciones04aAndrología pediátrica04aEsterilidad masculina04aEyaculación04aMujeresxConducta sexual04aReproducción humana04aSexualidad04aUrología